01352nam a2200277 a 450000100060000000300090000600800410001502000150005604000280007108200150009910000550011424500260016926000300019530000100022559000490023565000290028465000240031365000430033794200120038099900170039295201500040995201290055995201300068895201300081895201260094818378CO-ViMGA141112s2004 ck r 000 u spa d a9275320608 aCO-ViMGAbspacCO-ViMGA04a614.7 O7411 aOrganización PanAméricana de la salud, 92616110aMunicipios saludables aWashington, cOPS, c1997 a42.p. aForma de adquisición : Premio - Mincultura14aIMPACTO AMBIENTAL91813714aSALUD URBANA92616214aURBANISMO - ASPECTOS SANITARIOS926163 2ddccBK c27680d27680 00102ddc40708002aMEVIECARbMEVIECARd2015-12-04hVolumen. 1 | 11/jun/2009l0o614.7 O741 p18378r2015-12-04 00:00:00tEj. 1w2015-12-04yBK 00102ddc40708GENaMECUMARAbMECUMARAcGENd2024-06-13l0o614.4O73mpCUM00488r2024-06-13 10:52:15tEj.1w2024-06-13yBK 00102ddc40708GENaMEPLOPEZbMEPLOPEZcGENd2025-06-25l0o614.7 O741pPLZ02400r2025-06-25 09:47:17tEj.1w2025-06-25yBK 00102ddc40708GENaMERESTREbMERESTREcGENd2025-07-29l0o614.7 O741pRES00857r2025-07-29 15:49:58tEj.1w2025-07-29yBK 00102lcc40708GENaMEPCONCObMEPCONCOd2026-02-13l0o614.7 O741pPCON01037r2026-02-13 22:22:51tEj.1w2026-02-13yBK